| 000 | 00511nam a2200169Ia 4500 | ||
|---|---|---|---|
| 003 | GCL | ||
| 008 | 140319s9999 xx 000 0 ara d | ||
| 040 |
_aGCL / _cGCL |
||
| 082 | 0 | 4 |
_aد _b050 |
| 100 | 1 | _aنبيل على | |
| 245 | 1 | 0 |
_aالعرب وعصر المعلومات ( عالم المعرفة 184 ) / _cنبيل على |
| 300 | _a464 ص | ||
| 490 |
_aعالم المعرفة _v0 |
||
| 650 | 0 | 4 | _aالمعلومات |
| 650 | 0 | 4 | _aالتكنولوجيا - خدمات المعلومات |
| 942 |
_2ddc _cBK |
||
| 999 |
_c50327 _d50327 |
||